000 00928nmm a2200289 a 4500
001 ocm0001732349
003 TR-IsHL
005 20201028170437.0
008 170525s2017 tu tur
007 cr cn
020 _a9786059272704
035 _a1732349
_b(N$T)
050 0 4 _aPL248.A35
_bB89 2017
090 0 4 _aPL248.A35
_bB89 2017
100 1 _aAdıgüzel, Mikail
245 1 0 _aBüyük prens
_h[electronic resource] /
_cMikail Adıgüzel ; editör M. Endülüs Özbay
250 _a1. Baskı
260 _aİstanbul :
_bAZ Kitap,
_c2017
300 _a96 p.
650 4 _aDil ve Edebiyat
650 4 _aLanguage and Literature
650 0 _aKısa hikayeler, Türk
650 0 _aShort stories, Turkish
650 7 _aLITERARY COLLECTIONS / Middle Eastern
_2bisacsh
700 1 _aÖzbay, M. Endülüs
856 4 0 _uhttp://search.ebscohost.com/login.aspx?direct=true&scope=site&db=e011xww&AN=1732349
999 _c16271
_d16271